| 000 | 01361nam0a2200349 4500 | ||
|---|---|---|---|
| 001 | RU\NLR\BIBL_A\022599603 | ||
| 005 | 20260420051927.0 | ||
| 010 |
_a978-5-6052783-3-7 _9100 |
||
| 021 |
_aRU _bКН-П-25-035367 _9КН-П-25-3487 |
||
| 035 | _a(NLR Aleph) 022599603 | ||
| 090 |
_a13681194 _c13681194 |
||
| 100 | _a20250811d2025 u y0rusy50 ca | ||
| 101 | 0 | _arus | |
| 102 | _aRU | ||
| 105 | _aа z 000zy | ||
| 181 | 0 |
_ai _baxxe |
|
| 182 | 0 | _an | |
| 200 | 1 |
_aЭволюция сознания _fПётр Лисник |
|
| 203 |
_aТекст _bвизуальный _cнепосредственный |
||
| 210 |
_aЧита _cЧитинская городская типография _d2025 |
||
| 215 |
_a435 с. _cил. _d21 |
||
| 300 | _aВ макете загл.: Р(э)волюция сознания | ||
| 309 | _aНа тит. с., обл., корешке и в вып. дан. стилизован. форма загл.: в заглавной букве "Э" напечатаны строчные буквы "ре" | ||
| 517 | 1 | _aРеволюция сознания | |
| 517 | 1 | _aР(э)волюция сознания | |
| 686 | 2 | _aШ6(2=Р)8-491 | |
| 700 | 1 |
_aЛисник _bП. И. _gПётр Иванович |
|
| 942 | _cBOOK | ||
| 980 | _aNB | ||